Context and understanding: an inquiry into socialization theory

Saved in:  
Bibliographic Details
Main Author: Wentworth, William M. (Author)
Format: Print Book
Language:English
Published: New York [u.a.] Elsevier 1980
In:Year: 1980
Online Access: Autorenbiografie (Publisher)
Availability in Tübingen:Present in Tübingen.
UB: KB 12 A 535
Check availability: HBZ Gateway
Subito Delivery Service: Order now.
Keywords:

MARC

LEADER 00000cam a2200000 c 4500
001 251656829
003 DE-627
005 20251222211131.0
007 tu
008 981123s1980 xxu||||| 00| ||eng c
020 |a 0444990739  |9 0-444-99073-9 
035 |a (DE-627)251656829 
035 |a (DE-576)008363668 
035 |a (DE-599)GBV251656829 
035 |a (OCoLC)246023297 
035 |a (OCoLC)06092533 
035 |a (DE-604)8034086986 
040 |a DE-627  |b ger  |c DE-627  |e rakwb 
041 |a eng 
044 |c XD-US  |c XA-GB 
050 0 |a HQ783 
082 0 |a 303.3/2  |q LOC  |2 19 
084 |a CV 6000  |2 rvk  |0 (DE-625)rvk/19164: 
084 |a MR 6050  |2 rvk  |0 (DE-625)rvk/123528: 
084 |a MR 6700  |2 rvk  |0 (DE-625)rvk/123535: 
100 1 |a Wentworth, William M.  |4 aut 
245 1 0 |a Context and understanding  |b an inquiry into socialization theory  |c William M. Wentworth 
264 1 |a New York [u.a.]  |b Elsevier  |c 1980 
300 |a XII, 183 S 
336 |a Text  |b txt  |2 rdacontent 
337 |a ohne Hilfsmittel zu benutzen  |b n  |2 rdamedia 
338 |a Band  |b nc  |2 rdacarrier 
500 |a Literaturverz. S. [155] - 175 
650 0 |a Socialization 
650 0 |a Individualism 
650 0 |a Power (Social sciences) 
689 0 0 |d s  |0 (DE-588)4055783-2  |0 (DE-627)104675101  |0 (DE-576)209115386  |a Sozialisation  |2 gnd 
689 0 1 |d s  |0 (DE-588)4059787-8  |0 (DE-627)106142275  |0 (DE-576)209132256  |a Theorie  |2 gnd 
689 0 2 |d s  |0 (DE-588)4033229-9  |0 (DE-627)104137800  |0 (DE-576)209000694  |a Kritik  |2 gnd 
689 0 |5 (DE-627) 
856 4 2 |u http://www.loc.gov/catdir/enhancements/fy1601/80011424-b.html  |v 2015-10-28  |x Verlag  |3 Autorenbiografie  |7 1 
889 |w (DE-627)426734963 
935 |i mdedup 
935 |i Blocktest 
936 r v |a CV 6000  |b Sozialisation  |k Psychologie  |k Sozialpsychologie  |k Sozialisation  |0 (DE-627)1271504308  |0 (DE-625)rvk/19164:  |0 (DE-576)201504308 
936 r v |a MR 6050  |b Persönlichkeitstheorien (auch Autoritarismus) und Anpassung  |k Soziologie  |k Sozialwissenschaftliche Theorien und Methoden  |k Psychologische Ansätze  |k Persönlichkeitstheorien (auch Autoritarismus) und Anpassung  |0 (DE-627)1271428245  |0 (DE-625)rvk/123528:  |0 (DE-576)201428245 
936 r v |a MR 6700  |b Theorien der Sozialisierung, Sozialisation  |k Soziologie  |k Sozialwissenschaftliche Theorien und Methoden  |k Psychologische Ansätze  |k Theorien der Sozialisierung, Sozialisation  |0 (DE-627)1270710737  |0 (DE-625)rvk/123535:  |0 (DE-576)200710737 
951 |a BO 
ELC |b 1 
LOK |0 000 xxxxxcx a22 zn 4500 
LOK |0 001 3167392584 
LOK |0 003 DE-627 
LOK |0 004 251656829 
LOK |0 005 20020606000000 
LOK |0 008 901113||||||||||||||||ger||||||| 
LOK |0 040   |a DE-21  |c DE-627  |d DE-21 
LOK |0 852   |a DE-21 
LOK |0 852 1  |c KB 12 A 535  |9 00 
LOK |0 935   |a krim 
LOK |0 936ln  |a k3.1 
LOK |0 939   |a 13-11-90  |b l01 
ORI |a SA-MARC-krimdoka001.raw 
SIG |a UB: KB 12 A 535